[Event "Sydney International Open"]
[Site "Sydney AUS"]
[Date "2011.04.30"]
[Round "7"]
[White "Akshat, Kh"]
[Black "Arutinian, D."]
[Result "1/2-1/2"]
[WhiteElo "2328"]
[BlackElo "2575"]
[PlyCount "22"]
[EventDate "2011.04.27"]

1. d4 g6 2. c4 Bg7 3. Nc3 d6 4. Nf3 Bg4 5. g3 Bxf3 6. exf3 e6 7. Bg2 Ne7 8. f4
d5 9. cxd5 exd5 10. Qb3 Nbc6 11. O-O Nxd4 1/2-1/2

[Event "Sydney International Open"]
[Site "Sydney AUS"]
[Date "2011.04.30"]
[Round "8"]
[White "Akshat, Kh"]
[Black "Goh Weiming"]
[Result "1/2-1/2"]
[WhiteElo "2328"]
[BlackElo "2382"]
[PlyCount "38"]
[EventDate "2011.04.27"]

1. d4 e6 2. c4 Nf6 3. Nc3 Bb4 4. Bg5 h6 5. Bh4 c5 6. d5 Bxc3+ 7. bxc3 d6 8. e3
Qe7 9. Nf3 e5 10. Nd2 g5 11. Bg3 Bf5 12. f3 e4 13. Bf2 Nbd7 14. Be2 O-O-O 15.
Qa4 Kb8 16. O-O-O Ne5 17. Nf1 Bg6 18. Ng3 Rde8 19. h3 Ned7 1/2-1/2

[Event "Sydney International Open"]
[Site "Sydney AUS"]
[Date "2011.04.28"]
[Round "4"]
[White "Akshat, Kh"]
[Black "Solomon, SJ."]
[Result "1-0"]
[WhiteElo "2328"]
[BlackElo "2398"]
[PlyCount "92"]
[EventDate "2011.04.27"]

1. d4 Nf6 2. c4 e6 3. Nc3 Bb4 4. Bg5 c5 5. d5 h6 6. Bh4 Bxc3+ 7. bxc3 d6 8. e3
Qe7 9. Nf3 e5 10. Nd2 Nbd7 11. Qc2 Kd8 12. Bd3 Kc7 13. O-O-O g5 14. Bg3 Nh5 15.
h3 Nxg3 16. fxg3 e4 17. Bxe4 Ne5 18. Bf5 Bxf5 19. Qxf5 a6 20. Rhf1 b5 21. Qf6
Qd7 22. Rf5 Rhe8 23. Rdf1 Rab8 24. Qg7 Re7 25. Rxe5 dxe5 26. Rf6 Rb6 27. Ne4
Rxf6 28. Qxf6 Re8 29. Qxa6 Rb8 30. Nxc5 Qd6 31. Qa7+ Kd8 32. Nb7+ Rxb7 33. Qxb7
bxc4 34. Kb2 Qc5 35. Qa8+ Kc7 36. Qc6+ Qxc6 37. dxc6 Kxc6 38. a4 f5 39. g4 f4
40. exf4 exf4 41. Ka3 Kc5 42. a5 Kb5 43. a6 Kxa6 44. Kb4 Kb6 45. Kxc4 Kc6 46.
Kd4 Kd6 1-0

[Event "Sydney International Open"]
[Site "Sydney AUS"]
[Date "2011.04.29"]
[Round "5"]
[White "Arutinian, D."]
[Black "Smirnov, Vl1"]
[Result "1-0"]
[WhiteElo "2575"]
[BlackElo "2395"]
[PlyCount "191"]
[EventDate "2011.04.27"]

1. d4 d5 2. c4 e6 3. Nf3 Nf6 4. Nc3 c6 5. Bg5 Be7 6. e3 Nbd7 7. Rc1 O-O 8. Bd3
dxc4 9. Bxc4 Nd5 10. Bxe7 Qxe7 11. Ne4 N5f6 12. Nxf6+ Qxf6 13. O-O c5 14. dxc5
Nxc5 15. b4 Nd7 16. Bd3 Nb6 17. Qc2 g6 18. Be4 Qe7 19. Qc5 Re8 20. Nd4 Nd5 21.
Bxd5 exd5 22. Qxd5 Qxb4 23. Rc7 Be6 24. Nxe6 Rxe6 25. Rxb7 Qd6 26. Qb3 Re7 27.
Rb4 Rc8 28. h4 Qe6 29. Qa4 Qc6 30. Qxc6 Rxc6 31. Rd1 Rec7 32. Ra4 Rc4 33. Rd4
Rc1+ 34. Kh2 Kg7 35. Ra5 R1c2 36. Kg3 Rb7 37. a3 h5 38. Rda4 Rbb2 39. Rf4 Rc7
40. Rd5 Ra2 41. Ra5 Rb2 42. Kh2 Rd2 43. g3 Rb2 44. Kg2 Rd2 45. Ra6 Rb2 46. Raa4
Ra2 47. Ra5 Rb2 48. e4 Re7 49. e5 Rc7 50. Ra6 Re2 51. Ra5 Rb2 52. Raa4 Ra2 53.
Rf6 Re2 54. Ra5 Rb2 55. Rf3 Rd2 56. Rb5 Ra2 57. Rbb3 Rac2 58. Rbe3 Re7 59. Rf4
Rc5 60. Rfe4 Rc2 61. Kf3 Rd2 62. Re2 Rd3+ 63. R4e3 Rd4 64. Rc2 Ra4 65. Rcc3 Rd4
66. Re4 Rd5 67. Kf4 Ra5 68. a4 Rd5 69. Rc6 Rd2 70. f3 Rd3 71. Rd6 Rc3 72. g4
hxg4 73. fxg4 Rc1 74. h5 gxh5 75. gxh5 Rf1+ 76. Kg5 Rc7 77. Rf4 Re1 78. Kf5 Rc5
79. h6+ Kh7 80. Re4 Rf1+ 81. Kg5 Rc2 82. Rf4 Rxf4 83. Kxf4 Rc4+ 84. Kf5 Rxa4
85. Rf6 Kg8 86. h7+ Kxh7 87. Rxf7+ Kg8 88. e6 Ra1 89. Kf6 Rf1+ 90. Ke7 Rb1 91.
Rf4 Rb7+ 92. Kf6 a5 93. Rg4+ Kf8 94. Rc4 Rb8 95. Rh4 Kg8 96. Rg4+ 1-0

[Event "Sydney International Open"]
[Site "Sydney AUS"]
[Date "2011.04.28"]
[Round "4"]
[White "Bjelobrk, I."]
[Black "Ikeda, J."]
[Result "0-1"]
[WhiteElo "2349"]
[BlackElo "2296"]
[PlyCount "74"]
[EventDate "2011.04.27"]

1. d4 d6 2. e4 g6 3. c4 Bg7 4. Nc3 Nd7 5. Nf3 e6 6. g3 Ne7 7. Bg2 O-O 8. O-O h6
9. Qc2 a6 10. Rd1 Rb8 11. a4 a5 12. b3 b6 13. Ba3 Nc6 14. Qd2 Re8 15. Rab1 e5
16. d5 Ne7 17. b4 axb4 18. Bxb4 Ra8 19. Ne1 f5 20. Ra1 fxe4 21. Nxe4 Nc5 22.
Qc2 Nf5 23. Bc3 Bd7 24. a5 bxa5 25. Nxc5 dxc5 26. Be4 a4 27. Nd3 Qe7 28. Re1
Qd6 29. Bb2 Nd4 30. Qd1 Rf8 31. Ba3 Nb3 32. Rb1 Rf7 33. Rxb3 axb3 34. Bxc5 Qf6
35. Qxb3 Bf5 36. Bg2 Bf8 37. Be3 Ra3 0-1

[Event "Sydney International Open"]
[Site "Sydney AUS"]
[Date "2011.04.29"]
[Round "5"]
[White "Bojkov, D."]
[Black "Deviatkin, A."]
[Result "0-1"]
[WhiteElo "2523"]
[BlackElo "2566"]
[PlyCount "80"]
[EventDate "2011.04.27"]

1. e4 e5 2. Bc4 Nf6 3. d3 Bc5 4. Nf3 d6 5. c3 Nc6 6. Bb3 a6 7. O-O Ba7 8. h3
Ne7 9. Re1 Ng6 10. Nbd2 O-O 11. Nf1 h6 12. Ng3 Re8 13. d4 Be6 14. Bc2 c6 15.
Be3 Qc7 16. Qd2 Rad8 17. Nf5 d5 18. Nxg7 Kxg7 19. Bxh6+ Kg8 20. Bg5 Nxe4 21.
Bxe4 dxe4 22. Bf6 Bc5 23. Bxd8 Qxd8 24. Ng5 exd4 25. Nxe4 Bf8 26. Rad1 Bg7 27.
cxd4 Bxa2 28. Nc5 Rxe1+ 29. Rxe1 Qxd4 30. Re8+ Kh7 31. Qxd4 Bxd4 32. Nxb7 Bd5
33. b4 Nf4 34. Nc5 a5 35. bxa5 Bxc5 36. a6 Nxg2 37. Rb8 Nf4 38. Rb7 Nxh3+ 39.
Kh2 Nxf2 40. a7 Bxa7 0-1

[Event "Sydney International Open"]
[Site "Sydney AUS"]
[Date "2011.04.28"]
[Round "4"]
[White "Cabilin, J."]
[Black "Hansen, SuB"]
[Result "0-1"]
[WhiteElo "1994"]
[BlackElo "2603"]
[PlyCount "32"]
[EventDate "2011.04.27"]

1. b3 e5 2. Bb2 Nc6 3. c4 Nf6 4. e3 d5 5. cxd5 Nxd5 6. a3 Bd6 7. Nf3 Qe7 8. Qc2
O-O 9. Be2 e4 10. Nd4 Nxd4 11. Bxd4 Re8 12. d3 Bf5 13. g3 c5 14. Bb2 exd3 15.
Bxd3 Nxe3 16. Qe2 Nc2+ 0-1

[Event "Sydney International Open"]
[Site "Sydney AUS"]
[Date "2011.05.01"]
[Round "9"]
[White "Deviatkin, A."]
[Black "Solomon, SJ."]
[Result "1/2-1/2"]
[WhiteElo "2566"]
[BlackElo "2398"]
[PlyCount "59"]
[EventDate "2011.04.27"]

1. e4 e5 2. Nf3 Nc6 3. Bb5 a6 4. Bxc6 dxc6 5. O-O f6 6. d4 Bg4 7. dxe5 Qxd1 8.
Rxd1 fxe5 9. Rd3 Bd6 10. Nbd2 Nf6 11. Nc4 O-O 12. Nfxe5 Be2 13. Rd2 Bxc4 14.
Nxc4 Nxe4 15. Rd4 Rae8 16. Nxd6 Nxd6 17. Be3 Nf5 18. Rd3 Nxe3 19. fxe3 c5 20.
Rf1 c4 21. Rc3 b5 22. Ra3 Re6 23. Rxf8+ Kxf8 24. Kf2 Ke7 25. e4 Rd6 26. Ke2 Ke6
27. Rg3 g6 28. Rh3 Rd7 29. Ra3 Rd6 30. Rh3 1/2-1/2

[Event "Sydney International Open"]
[Site "Sydney AUS"]
[Date "2011.04.30"]
[Round "7"]
[White "Deviatkin, A."]
[Black "Wallis, C."]
[Result "1/2-1/2"]
[WhiteElo "2566"]
[BlackElo "2305"]
[PlyCount "126"]
[EventDate "2011.04.27"]

1. Nc3 Nf6 2. e4 e5 3. Nf3 Nc6 4. Bb5 Bb4 5. O-O O-O 6. d3 d6 7. Bg5 Bxc3 8.
bxc3 Qe7 9. a4 Nd8 10. Nd2 Ne6 11. Bh4 g5 12. Bg3 Nf4 13. d4 Ng6 14. Bd3 h5 15.
f3 h4 16. Bf2 Nh5 17. Nc4 Nhf4 18. Ne3 Bd7 19. a5 Rad8 20. Re1 a6 21. Bf1 Qf6
22. Rb1 Bc8 23. h3 d5 24. Ng4 Bxg4 25. fxg4 Qc6 26. Qf3 dxe4 27. Rxe4 f5 28.
gxf5 Rxf5 29. Re3 exd4 30. Qxc6 bxc6 31. cxd4 Rxa5 32. Rc3 Ne7 33. Kh2 Kf7 34.
Rb7 Rd7 35. Bc4+ Kf6 36. Rf3 Nf5 37. Ra7 Nxd4 38. Re3 Nf5 39. Rf3 Nd4 40. Re3
Rc5 41. c3 Rxc4 42. cxd4 Rdxd4 43. Rc3 Re4 44. Rxc4 Rxc4 45. Rxa6 Kf5 46. Ra5+
Nd5 47. g3 hxg3+ 48. Kxg3 Rc3+ 49. Kh2 Ke4 50. h4 g4 51. Ra2 Rh3+ 52. Kg1 Rd3
53. Kh2 Nf4 54. Bg3 Nh5 55. Bxc7 Kf3 56. Rc2 Re3 57. Rxc6 g3+ 58. Kh3 g2 59.
Kh2 Re2 60. Rc3+ Kg4 61. Rc4+ Kf3 62. Rc3+ Kg4 63. Rc4+ Kf3 1/2-1/2

[Event "Sydney International Open"]
[Site "Sydney AUS"]
[Date "2011.05.01"]
[Round "9"]
[White "Goh Weiming"]
[Black "Arutinian, D."]
[Result "1/2-1/2"]
[WhiteElo "2382"]
[BlackElo "2575"]
[PlyCount "44"]
[EventDate "2011.04.27"]

1. e4 c6 2. d4 d5 3. Nd2 dxe4 4. Nxe4 Bf5 5. Ng3 Bg6 6. h4 h6 7. Nf3 Nd7 8. h5
Bh7 9. Bd3 Bxd3 10. Qxd3 e6 11. Bf4 Ngf6 12. O-O-O Be7 13. Kb1 O-O 14. Ne4 Nxe4
15. Qxe4 Nf6 16. Qe2 Qd5 17. Ne5 Qe4 18. Qxe4 Nxe4 19. Rhe1 Nf6 20. g4 Bd6 21.
f3 a5 22. a4 b5 1/2-1/2

[Event "Sydney International Open"]
[Site "Sydney AUS"]
[Date "2011.04.30"]
[Round "7"]
[White "Goh Weiming"]
[Black "Steadman, M."]
[Result "1-0"]
[WhiteElo "2382"]
[BlackElo "2217"]
[PlyCount "75"]
[EventDate "2011.04.27"]

1. e4 c5 2. Nf3 d6 3. Nc3 Nf6 4. d4 cxd4 5. Nxd4 g6 6. Be3 a6 7. f3 b5 8. a4 b4
9. Nd5 Nxd5 10. exd5 Bb7 11. Nb3 Bg7 12. Bd4 Bxd4 13. Qxd4 O-O 14. O-O-O Nd7
15. Qxb4 Rb8 16. Qa5 Nb6 17. Rd4 Qc7 18. Rc4 Qd8 19. Rb4 Bxd5 20. Bxa6 e5 21.
Rd1 Bc6 22. Rd3 d5 23. Nc5 Qg5+ 24. Kb1 e4 25. Rdb3 Qd2 26. c3 Nc4 27. Bxc4
dxc4 28. Rxb8 Qd1+ 29. Ka2 cxb3+ 30. Rxb3 Bd5 31. fxe4 Bxb3+ 32. Nxb3 Qc2 33.
Qe5 Qxg2 34. a5 f5 35. Nc5 h5 36. h4 Rf7 37. Ne6 Qxe4 38. Qb8+ 1-0

[Event "Sydney International Open"]
[Site "Sydney AUS"]
[Date "2011.04.29"]
[Round "5"]
[White "Goh Weiming"]
[Black "Zhao Zong Yuan"]
[Result "1/2-1/2"]
[WhiteElo "2382"]
[BlackElo "2579"]
[PlyCount "120"]
[EventDate "2011.04.27"]

1. e4 e5 2. Nf3 Nc6 3. Bc4 Nf6 4. d3 Bc5 5. c3 a6 6. Bb3 Ba7 7. h3 O-O 8. Bg5
d6 9. Nbd2 Be6 10. Nf1 h6 11. Bh4 g5 12. Bg3 Nh5 13. N3h2 Ng7 14. Ne3 h5 15.
Nf3 Qf6 16. Nd5 Bxd5 17. exd5 Ne7 18. Qd2 h4 19. Bh2 g4 20. hxg4 h3 21. Ke2
hxg2 22. Rhg1 Qg6 23. Rxg2 e4 24. Nh4 Qh7 25. Nf5 exd3+ 26. Qxd3 Rae8 27. Kf1
Nexf5 28. gxf5 Kh8 29. Bf4 Qh1+ 30. Rg1 Qh7 31. Qf3 Qxf5 32. Rg3 f6 33. Qh1+
Kg8 34. Qh6 Qh7 35. Bc2 f5 36. Bd3 Rf6 37. Qxh7+ Kxh7 38. Kg2 Rh8 39. Re1 Kg8
40. Re8+ Rf8 41. Re7 Rf7 42. Re1 Rh4 43. Bg5 Rg4 44. Kf3 Bb6 45. Rh1 Ne8 46.
Rh6 Rxg3+ 47. fxg3 Kg7 48. Re6 Kf8 49. Kf4 Ng7 50. Rh6 Kg8 51. Be2 Rf8 52. Bh5
Nxh5+ 53. Rxh5 Kf7 54. Bh4 Re8 55. Rxf5+ Kg7 56. Kg4 Re2 57. Rg5+ Kf7 58. Rf5+
Kg7 59. Rg5+ Kf7 60. Rf5+ Kg7 1/2-1/2

[Event "Sydney International Open"]
[Site "Sydney AUS"]
[Date "2011.04.30"]
[Round "7"]
[White "Ikeda, J."]
[Black "Ly, Mo"]
[Result "1-0"]
[WhiteElo "2296"]
[BlackElo "2381"]
[PlyCount "101"]
[EventDate "2011.04.27"]

1. e4 c5 2. Nf3 d6 3. d3 Nc6 4. g3 g6 5. Bg2 Bg7 6. Nbd2 Nf6 7. O-O O-O 8. a4
Rb8 9. c3 a6 10. Qe2 b5 11. axb5 axb5 12. d4 Nd7 13. d5 Na5 14. Ne1 c4 15. Nc2
Nc5 16. Nb4 Bb7 17. Ra3 e6 18. Nf3 Re8 19. dxe6 Nxe6 20. Rd1 Qc7 21. Qc2 Nb3
22. Be3 Ra8 23. Rxa8 Bxa8 24. Nd2 Nec5 25. Nxb3 Nxb3 26. Nd5 Qb8 27. Bf4 Nc5
28. h4 Nd3 29. Be3 Bxd5 30. exd5 h5 31. Bf1 Rxe3 32. fxe3 Nc5 33. Bg2 Qe8 34.
Qe2 Na4 35. Ra1 Be5 36. Qf2 Kg7 37. Bf1 Nc5 38. Qf3 Qe7 39. Ra5 Qb7 40. g4 hxg4
41. Qxg4 Nb3 42. Ra3 Qxd5 43. h5 Qd2 44. Qe2 gxh5 45. Qxd2 Nxd2 46. Ra5 h4 47.
Rxb5 f5 48. Rb4 Kf6 49. Bxc4 h3 50. Bd5 Bg3 51. Rd4 1-0

[Event "Sydney International Open"]
[Site "Sydney AUS"]
[Date "2011.05.01"]
[Round "9"]
[White "Ikeda, J."]
[Black "Smirnov, Vl1"]
[Result "1/2-1/2"]
[WhiteElo "2296"]
[BlackElo "2395"]
[PlyCount "28"]
[EventDate "2011.04.27"]

1. e4 c5 2. Nf3 Nc6 3. d3 g6 4. g3 Bg7 5. Bg2 e5 6. Nbd2 Nge7 7. a4 a5 8. O-O
O-O 9. Nc4 d5 10. exd5 Nxd5 11. c3 Rb8 12. Qb3 Nde7 13. Rd1 b6 14. Qc2 h6
1/2-1/2

[Event "Sydney International Open"]
[Site "Sydney AUS"]
[Date "2011.04.28"]
[Round "3.2"]
[White "Illingworth, M."]
[Black "Deviatkin, A."]
[Result "0-1"]
[WhiteElo "2345"]
[BlackElo "2566"]
[PlyCount "52"]
[EventDate "2011.04.27"]

1. c4 e5 2. g3 f5 3. d4 exd4 4. Nf3 Bb4+ 5. Nbd2 c5 6. Bg2 Nf6 7. O-O Nc6 8.
Nb3 d6 9. e3 dxe3 10. Bxe3 O-O 11. a3 Ba5 12. Ng5 Bc7 13. Bd5+ Nxd5 14. Qxd5+
Kh8 15. Nf7+ Rxf7 16. Qxf7 Ne5 17. Qh5 f4 18. Rad1 Bg4 19. Qxe5 Bxd1 20. Qxf4
Bxb3 21. Re1 Ba5 22. Rc1 Qe7 23. Qf3 Ba4 24. Qh5 Be8 25. Qf5 Bc6 26. b4 Rf8 0-1

[Event "Sydney International Open"]
[Site "Sydney AUS"]
[Date "2011.04.29"]
[Round "6"]
[White "Johansen, D."]
[Black "Goh Weiming"]
[Result "1/2-1/2"]
[WhiteElo "2419"]
[BlackElo "2382"]
[PlyCount "101"]
[EventDate "2011.04.27"]

1. c4 e5 2. Nc3 Nf6 3. Nf3 Nc6 4. e3 Bb4 5. Qc2 Bxc3 6. Qxc3 Qe7 7. a3 d5 8. d4
exd4 9. Nxd4 Nxd4 10. Qxd4 O-O 11. c5 Bf5 12. b4 Rfe8 13. Bb2 Qd7 14. Be2 Re4
15. Qd2 Re6 16. Rd1 c6 17. Qd4 Rae8 18. O-O Re4 19. Qc3 h5 20. Rd4 Rxd4 21.
Qxd4 Re4 22. Qd2 Qe6 23. Bd4 Qd7 24. Bxf6 gxf6 25. Bxh5 Bg6 26. Bd1 Qe7 27. Bc2
Re5 28. Bb3 Kg7 29. Re1 Rh5 30. Bd1 Rh4 31. g3 Rc4 32. Bb3 Re4 33. f3 Re5 34.
Qd4 Qe6 35. Re2 Qf5 36. f4 Re4 37. Qd2 Qe6 38. Kg2 Bf5 39. Re1 Kg8 40. Kf2 Bg6
41. Kg2 Bf5 42. h4 Kg7 43. Kh2 Bg6 44. Kg2 Bf5 45. g4 Bxg4 46. Bc2 d4 47. Bxe4
Qxe4+ 48. Kg1 d3 49. Rf1 f5 50. Rf2 f6 51. Kh2 1/2-1/2

[Event "Sydney International Open"]
[Site "Sydney AUS"]
[Date "2011.04.28"]
[Round "4"]
[White "Johansen, D."]
[Black "Li, Zuhao Luke"]
[Result "1-0"]
[WhiteElo "2419"]
[BlackElo "2039"]
[PlyCount "89"]
[EventDate "2011.04.27"]

1. c4 e6 2. Nf3 Nf6 3. g3 d5 4. d4 c6 5. Qc2 Bd6 6. Bg2 O-O 7. Nbd2 b6 8. O-O
Bb7 9. e4 dxe4 10. Nxe4 Nxe4 11. Qxe4 Nd7 12. b3 Re8 13. Bb2 Nf8 14. Rac1 Qe7
15. c5 bxc5 16. dxc5 Bxc5 17. Qe5 Bxf2+ 18. Rxf2 f6 19. Qc5 Qc7 20. Nd4 Nd7 21.
Qc3 Qb6 22. Ba3 Rac8 23. Bc5 Qd8 24. Bxa7 Ne5 25. Bc5 Qd7 26. b4 Qf7 27. Qb3
Kh8 28. Re1 Qg6 29. Qb1 Qh5 30. Qd1 Qh6 31. h3 Ba6 32. Qd2 Qg6 33. Qe3 Nd3 34.
Be4 Qh6 35. Bxd3 Bxd3 36. Qxd3 e5 37. Nf5 Qxh3 38. Nd6 e4 39. Nxc8 Qxc8 40.
Rxe4 Rd8 41. Rfe2 Rg8 42. Rh2 h6 43. Re7 f5 44. Rxh6+ gxh6 45. Qd4+ 1-0

[Event "Sydney International Open"]
[Site "Sydney AUS"]
[Date "2011.05.01"]
[Round "9"]
[White "Li, Zuhao Luke"]
[Black "Ly, Mo"]
[Result "0-1"]
[WhiteElo "2039"]
[BlackElo "2381"]
[PlyCount "58"]
[EventDate "2011.04.27"]

1. d4 Nf6 2. c4 g6 3. Nc3 Bg7 4. e4 O-O 5. Be3 d6 6. f3 c5 7. dxc5 dxc5 8. Qxd8
Rxd8 9. Bxc5 Nc6 10. Rd1 Nd7 11. Ba3 b6 12. Nd5 e6 13. Ne7+ Nxe7 14. Bxe7 Re8
15. Ba3 f5 16. exf5 exf5+ 17. Kf2 Bh6 18. Re1 Ne5 19. b3 Bb7 20. Bc1 Bf8 21.
Be3 Rad8 22. Be2 Bb4 23. Rd1 Rxd1 24. Bxd1 Nd3+ 25. Ke2 Nb2 26. Bc2 f4 27. Nh3
Rxe3+ 28. Kf2 Bc5 29. Nxf4 Rxf3+ 0-1

[Event "Sydney International Open"]
[Site "Sydney AUS"]
[Date "2011.04.29"]
[Round "6"]
[White "Ly, Mo"]
[Black "Andersson, C."]
[Result "1-0"]
[WhiteElo "2381"]
[BlackElo "2163"]
[PlyCount "103"]
[EventDate "2011.04.27"]

1. e4 e5 2. Nf3 d6 3. d4 exd4 4. Nxd4 Nf6 5. Nc3 Be7 6. Bd3 O-O 7. O-O Nbd7 8.
Nf5 Nc5 9. Nxe7+ Qxe7 10. Bg5 Qe5 11. f4 Qd4+ 12. Kh1 c6 13. Qf3 Nxd3 14. cxd3
Ng4 15. h3 f6 16. Bh4 Nh6 17. a3 Qb6 18. b4 Be6 19. Ne2 a5 20. Bf2 Qd8 21. f5
Bd7 22. Bd4 Nf7 23. Nf4 Ne5 24. Qg3 Qe7 25. Bc3 axb4 26. axb4 b5 27. d4 Nf7 28.
h4 Nh6 29. Rae1 Ra3 30. d5 c5 31. Bxf6 Qxf6 32. Qxa3 Qxh4+ 33. Qh3 Qxh3+ 34.
gxh3 c4 35. Ne6 Re8 36. Ra1 Nf7 37. Rg1 Bxe6 38. dxe6 Ne5 39. Ra7 g6 40. f6
Rxe6 41. Rf1 Kf8 42. f7 Nxf7 43. Rfxf7+ Kg8 44. Rg7+ Kh8 45. Rxh7+ Kg8 46.
Rag7+ Kf8 47. Rb7 Kg8 48. Rhe7 Rxe7 49. Rxe7 Kf8 50. Re6 g5 51. Rxd6 Ke7 52.
Rd5 1-0

[Event "Sydney International Open"]
[Site "Sydney AUS"]
[Date "2011.04.28"]
[Round "4"]
[White "Ly, Mo"]
[Black "Wallis, C."]
[Result "0-1"]
[WhiteElo "2381"]
[BlackElo "2305"]
[PlyCount "120"]
[EventDate "2011.04.27"]

1. e4 c6 2. d4 d5 3. exd5 cxd5 4. c4 Nf6 5. Nc3 Nc6 6. Bg5 dxc4 7. Bxc4 h6 8.
Bf4 e6 9. Nf3 Bd6 10. Bg3 O-O 11. O-O Bxg3 12. hxg3 a6 13. Qd2 b5 14. Be2 Bb7
15. Qf4 Ne7 16. Rac1 Rc8 17. Ne5 Nf5 18. Rcd1 Qb6 19. g4 Ne7 20. g5 hxg5 21.
Qxg5 Nf5 22. Bd3 Nxd4 23. Rfe1 Nc6 24. Qh4 Nxe5 25. Rxe5 Rc5 26. Qd4 Qc6 27.
Bf1 Rc4 28. Qd2 Rg4 29. Rg5 b4 30. Rxg4 Nxg4 31. Ne2 Qc5 32. Ng3 Nf6 33. Rc1
Qb6 34. Rc4 a5 35. Qg5 Rd8 36. Rh4 Rd5 37. Qc1 Qd6 38. Be2 Rc5 39. Qe3 Qe5 40.
Qd2 Qd5 41. Qxd5 Bxd5 42. a3 b3 43. Bd1 e5 44. Ne2 Be6 45. f3 g5 46. Rh1 a4 47.
Nc3 Rxc3 48. bxc3 Bf5 49. Kf2 b2 50. Bxa4 b1=Q 51. Rxb1 Bxb1 52. Bc6 Kf8 53. g3
Ke7 54. f4 exf4 55. gxf4 gxf4 56. Kf3 Kd6 57. Ba8 Ke5 58. c4 Be4+ 59. Bxe4 Nxe4
60. Ke2 Nc5 0-1

[Event "Sydney International Open"]
[Site "Sydney AUS"]
[Date "2011.04.28"]
[Round "3.12"]
[White "Oliver, G."]
[Black "Smirnov, Ant"]
[Result "1/2-1/2"]
[WhiteElo "2214"]
[BlackElo "2008"]
[PlyCount "46"]
[EventDate "2011.04.27"]

1. d4 d5 2. c4 c6 3. Nf3 Nf6 4. e3 e6 5. Bd3 Nbd7 6. O-O Bd6 7. Nc3 O-O 8. e4
dxe4 9. Bxe4 e5 10. Bd3 b5 11. Be3 Bb7 12. Qc2 Qc7 13. dxe5 Nxe5 14. Nxe5 Bxe5
15. f4 Ng4 16. Qe2 Nxe3 17. Qxe3 Bxc3 18. bxc3 Qb6 19. Kf2 Rad8 20. Rfd1 Rfe8
21. Qxb6 axb6 22. a4 bxa4 23. Rxa4 c5 1/2-1/2

[Event "Sydney International Open"]
[Site "Sydney AUS"]
[Date "2011.04.28"]
[Round "4"]
[White "Smirnov, Vl1"]
[Black "Huynh, A."]
[Result "1-0"]
[WhiteElo "2395"]
[BlackElo "2035"]
[PlyCount "109"]
[EventDate "2011.04.27"]

1. d4 Nf6 2. Nf3 d5 3. c4 e6 4. Nc3 Be7 5. e3 O-O 6. Bd3 dxc4 7. Bxc4 c5 8. O-O
Nc6 9. dxc5 Bxc5 10. a3 a6 11. b4 Ba7 12. Qe2 Qe7 13. b5 axb5 14. Nxb5 Bc5 15.
Bb2 e5 16. h3 e4 17. Nd2 Bf5 18. Nb3 Bb6 19. a4 Rfd8 20. N3d4 Nxd4 21. Nxd4 Bg6
22. Rfc1 Nd7 23. Nb3 Ne5 24. a5 Ba7 25. Bd4 Qg5 26. Kf1 Bxd4 27. exd4 Nd3 28.
Rc3 h5 29. g3 Bf5 30. h4 Qg6 31. Qe3 Rac8 32. Nc5 Bh3+ 33. Kg1 Nxc5 34. dxc5
Be6 35. Be2 Bd5 36. a6 bxa6 37. Rxa6 Rc6 38. Rca3 Rdc8 39. Qd4 Qf5 40. Ra8 Rxa8
41. Rxa8+ Kh7 42. Ra3 Rf6 43. Rc3 Bc6 44. Qe3 Qd5 45. Rc1 Qf5 46. Qd4 Rg6 47.
Qe3 Re6 48. Bf1 Rg6 49. Bg2 Rf6 50. Rb1 Qd5 51. Rb6 Re6 52. Qf4 Qxc5 53. Qe3
Qxe3 54. fxe3 Kg6 55. Rxc6 1-0

[Event "Sydney International Open"]
[Site "Sydney AUS"]
[Date "2011.04.29"]
[Round "6"]
[White "Smirnov, Vl1"]
[Black "Illingworth, M."]
[Result "1/2-1/2"]
[WhiteElo "2395"]
[BlackElo "2345"]
[PlyCount "102"]
[EventDate "2011.04.27"]

1. d4 g6 2. c4 Bg7 3. Nf3 d6 4. Nc3 e5 5. dxe5 dxe5 6. Qxd8+ Kxd8 7. Bg5+ f6 8.
O-O-O+ Nd7 9. Be3 Nh6 10. h3 Nf7 11. Bc5 Bf8 12. Bxf8 Rxf8 13. e3 c6 14. Be2
Kc7 15. Ne4 f5 16. Neg5 Nxg5 17. Nxg5 Nf6 18. Nf3 Re8 19. Nd2 a5 20. Bd3 Be6
21. Nb1 Nd7 22. Nc3 Nc5 23. Be2 a4 24. g4 a3 25. b3 Na6 26. gxf5 Bxf5 27. Bg4
Nb4 28. Bxf5 gxf5 29. Kd2 Rg8 30. Ke2 Rg2 31. Kf1 Rg6 32. Rg1 Rd8 33. Rxd8 Kxd8
34. Rxg6 hxg6 35. Ke2 Ke7 36. f4 Kf6 37. Kf3 g5 38. fxe5+ Kxe5 39. Kg3 Nc2 40.
Kf3 g4+ 41. hxg4 fxg4+ 42. Kxg4 Nxe3+ 43. Kf3 Kd4 44. Nb1 Nd1 45. Nxa3 Kc3 46.
Ke2 Kb2 47. Kxd1 Kxa3 48. Kc2 Kxa2 49. c5 Ka3 50. Kc3 Ka2 51. Kc2 Ka3 1/2-1/2

[Event "Sydney International Open"]
[Site "Sydney AUS"]
[Date "2011.04.30"]
[Round "8"]
[White "Solomon, SJ."]
[Black "Bojkov, D."]
[Result "1-0"]
[WhiteElo "2398"]
[BlackElo "2523"]
[PlyCount "129"]
[EventDate "2011.04.27"]

1. e4 e5 2. Nf3 Nc6 3. Bb5 a6 4. Ba4 Nf6 5. O-O Be7 6. Re1 b5 7. Bb3 d6 8. c3
O-O 9. h3 Na5 10. Bc2 c5 11. d4 Nd7 12. Nbd2 exd4 13. cxd4 Nc6 14. Nf1 cxd4 15.
Nxd4 Nxd4 16. Qxd4 Ne5 17. f4 Nc6 18. Qe3 Bb7 19. Rd1 Qc7 20. Ng3 Nb4 21. Bb3
Nc2 22. Bxc2 Qxc2 23. Rd2 Qc7 24. b3 d5 25. Bb2 Bc5 26. Bd4 Bxd4 27. Rxd4 dxe4
28. Rad1 Rad8 29. Nf5 Rxd4 30. Qxd4 f6 31. Qd7 Qxd7 32. Rxd7 Bc8 33. Ne7+ Kh8
34. Ra7 Re8 35. Ra8 Bd7 36. Rxe8+ Bxe8 37. Kf2 Bd7 38. f5 g6 39. fxg6 h5 40.
Ke3 f5 41. h4 Kg7 42. Nd5 Kxg6 43. Nf4+ Kh6 44. Kd4 Be8 45. b4 Bf7 46. a3 Bb3
47. g3 Bf7 48. Ke5 Bc4 49. Ng2 Bf1 50. Ne3 Bh3 51. Nd5 Bg4 52. Kf4 Kg6 53. Nc7
Kf6 54. Nxa6 Be2 55. Nc7 Bc4 56. Ne8+ Ke6 57. Ng7+ Kd5 58. Nxh5 Kd4 59. Ng7 Kc3
60. h5 Kb3 61. h6 Bg8 62. Nxf5 Kxa3 63. g4 Kxb4 64. g5 e3 65. Kxe3 1-0

[Event "Sydney International Open"]
[Site "Sydney AUS"]
[Date "2011.04.30"]
[Round "7"]
[White "Solomon, SJ."]
[Black "Kresovic, V."]
[Result "1-0"]
[WhiteElo "2398"]
[BlackElo "2246"]
[PlyCount "59"]
[EventDate "2011.04.27"]

1. e4 c5 2. Nf3 e6 3. d4 cxd4 4. Nxd4 Nf6 5. Nc3 d6 6. Be2 Be7 7. O-O O-O 8. f4
a6 9. Be3 Qc7 10. Kh1 Nc6 11. Qe1 Bd7 12. Qg3 Kh8 13. Rad1 Rac8 14. Nf3 b5 15.
e5 Ne8 16. Ne4 d5 17. Nc5 Na5 18. Nxd7 Qxd7 19. Bd3 Nc4 20. Bd4 g6 21. b3 Na3
22. Rd2 Ng7 23. Qh3 Qd8 24. g4 Kg8 25. Qh6 Ne8 26. Ng5 Bxg5 27. fxg5 Qc7 28.
Rf6 Qa5 29. Rdf2 Nxc2 30. Qxf8+ 1-0

[Event "Sydney International Open"]
[Site "Sydney AUS"]
[Date "2011.05.01"]
[Round "9"]
[White "Steadman, M."]
[Black "Canfell, G."]
[Result "1-0"]
[WhiteElo "2217"]
[BlackElo "2313"]
[PlyCount "65"]
[EventDate "2011.04.27"]

1. d4 Nf6 2. c4 g6 3. Nc3 Bg7 4. e4 d6 5. Bd3 O-O 6. Nge2 e5 7. O-O c6 8. h3
Na6 9. d5 Nc5 10. Bc2 cxd5 11. cxd5 a5 12. Be3 Nfd7 13. a3 f5 14. exf5 gxf5 15.
f4 Qe7 16. Ng3 e4 17. Bd4 Nf6 18. Qd2 Bd7 19. b4 axb4 20. axb4 Na6 21. Na4 Nc7
22. Nb6 Rxa1 23. Rxa1 Nb5 24. Bb2 Nh5 25. Nxd7 Bxb2 26. Nxf8 Bxa1 27. Nxh5 Kxf8
28. Ng3 Qf6 29. Ba4 Nd4 30. Qc1 Bc3 31. Kf1 b5 32. Qxc3 bxa4 33. Ne2 1-0

[Event "Sydney International Open"]
[Site "Sydney AUS"]
[Date "2011.04.29"]
[Round "6"]
[White "Steadman, M."]
[Black "Hansen, SuB"]
[Result "1-0"]
[WhiteElo "2217"]
[BlackElo "2603"]
[PlyCount "47"]
[EventDate "2011.04.27"]

1. d4 Nf6 2. c4 e6 3. Nc3 Bb4 4. f3 c5 5. d5 O-O 6. e4 Re8 7. Nge2 d6 8. Bd2 a6
9. Ng3 b5 10. dxe6 Bxe6 11. cxb5 d5 12. bxa6 c4 13. exd5 Bh3+ 14. Nce4 Nxd5 15.
Bxb4 Nxb4 16. gxh3 Qa5 17. Kf2 N8c6 18. Bxc4 Ne5 19. Qb3 Nxc4 20. Qxc4 Rac8 21.
Qb3 Rc2+ 22. Ne2 Rxb2 23. Qe3 Nc2 24. Nf6+ 1-0